000 00277nam a22001217a 4500
008 170612b xxu||||| |||| 00| 0 eng d
041 _aeng
080 _a32
100 _a19
101 _aSHP
245 _aPROBLEMS IN EUROPEAN CIVILIZATION
_cHAVIGHURST, A.F
942 _2udc
_cBK
999 _c16848
_d16848